Quan hệ đối tác chiến lược VN-Liên Bang Nga giai đoạn 2001 - 2012 /
Cơ sơ hinh thanh quan he đoi tac chien lươc Viet nam -Lieng bang Nga.
Na minha lista:
| Autor principal: | |
|---|---|
| Outros Autores: | |
| Formato: | Tese |
| Idioma: | Vietnamese |
| Publicado em: |
ĐHĐN-Truong ĐH ngoai ngư.,
2013.
|
| Assuntos: | |
| Tags: |
Adicionar Tag
Sem tags, seja o primeiro a adicionar uma tag!
|
| Thư viện lưu trữ: | Mạng thư viện Đại học Đà Nẵng |
|---|
| LEADER | 01657na a2200373 4500 | ||
|---|---|---|---|
| 001 | 000031292 | ||
| 003 | 5931 | ||
| 005 | 20220708163856.0 | ||
| 008 | 151001s2013 000 vie | ||
| 040 | |a LNN | ||
| 041 | |a VIE | ||
| 082 | |a 959.7327 |b PH-H | ||
| 100 | |a Phan Nguyễn Bích Huyền | ||
| 245 | 0 | |a Quan hệ đối tác chiến lược VN-Liên Bang Nga giai đoạn 2001 - 2012 / |c Phan Nguyễn Bích Huyền. | |
| 246 | |a Luan văn tot nghiep | ||
| 260 | |b ĐHĐN-Truong ĐH ngoai ngư., |c 2013. | ||
| 300 | |a 30cm : |b 61 tr;. | ||
| 502 | |a Luan văn sinh vien | ||
| 505 | 1 | |a Chuyen nghanh Quoc te hoc | |
| 520 | |a Cơ sơ hinh thanh quan he đoi tac chien lươc Viet nam -Lieng bang Nga. |x Thưc hien quan he đoi tac chien lươc Viet nam-Lieng bang Nga trong giai đoan 2001-2012. |y Trien vong phat trien quan he hop tac chien lươc Viet nam-Lieng bang Nga. | ||
| 650 | |a Quan he đoi tac VN |b Lieng bang Nga 2001-2012 | ||
| 653 | |a Phan Nguyễn Bích Huyền, 2013, quan hệ, đối tác, đối ngoại, chiến lược, nga, VN, giai đoạn 2001-2012 | ||
| 700 | |a ThS Tran Thi Thu |b huong dan | ||
| 852 | |b Luận văn tot nghiep |c Khoa Quoc te hoc | ||
| OWN | |a LNN | ||
| AVA | |a UDN50 |b LNN |d 959.7327 PH-H |e available |t Error 5001 Not defined in file expand_doc_bib_avail. |f 3 |g 0 |h N |i 0 | ||
| 999 | |a From the UDN01 | ||
| AVA | |a UDN50 |b LNN |d 959.7327 PH-H |e available |t Error 5001 Not defined in file expand_doc_bib_avail. |f 3 |g 0 |h N |i 0 | ||
| TYP | |a Dissertation | ||
| TYP | |a Printed language | ||
| 980 | |a Mạng thư viện Đại học Đà Nẵng | ||